000 00673nam a22002177a 4500
003 DO-SdBNP
005 20220714103346.0
007 ta
008 220714b2005 dr a|||| |||| 00| 0 spa d
040 _aDO-SdBNP
_bspa
_cBNPHU
082 4 _222
100 1 _aPimentel Torres, Franklin
_982002
245 1 0 _aFormación integral, humana y religiosa :
_bcuarto grado /
_cFranklin Pimentel torres ; coordinación Loida Altagracia Santana Cordero
260 _aSanto Domingo :
_bSEE,
_c2005.
300 _a110 p. :
_bil. ;
_c28 cm.
490 1 _aVivamos alegres
590 _aInventariado, 2022/BT
830 0 _nVivamos alegres
_982003
910 _aBtavárez
942 _2ddc
_cLBS1
999 _c52178
_d52178